00764cam a2200205 4500008004100000020001500041035001200056100003100068245011700099250001100216260006100227300003500288500001800323506001900341504004400360651006300404700002500467700003400492700003200526031205t19851985caua gr 000 0 eng u a0804720681 aa4337981 a Ricketts, Edward Flanders10aBetween Pacific tides / c Edward F. Ricketts, Jack Calvin, and Joel W. Hedgpeth ; revised by David W. Phillips. a5a ed. aStanford, Calif. : b Stanford University Press, cc1985 axxvi, 652 p. : bil. ; c24 cm a10 ejemplares aRec Fomes 2001 aBibliografía: p. [593]-609 e índice 7aOceano Pacífico (E.E.U.U) xInvertebrados marinos 2Lemb1 aCalvin, Jack, coaut.1 aHedgpeth, Joel Walker, coaut.1 a Phillips, David W., coaut.